Regionálny a mestský marketing
Gespeichert in:
| 1. Verfasser: | |
|---|---|
| Format: | Buch |
| Sprache: | Slowakisch |
| Veröffentlicht: |
Bratislava
Eurounion
2005
|
| Schlagworte: | |
| Tags: |
Keine Tags, Fügen Sie das erste Tag hinzu!
|
MARC
| LEADER | 00000nam$a2200000$$$4500 | ||
|---|---|---|---|
| 001 | 0035331 | ||
| 005 | 20240314091332.0 | ||
| 020 | |a 80-88984-72-6 | ||
| 041 | 0 | |a slo | |
| 044 | |a SK | ||
| 245 | 1 | 0 | |a Regionálny a mestský marketing |c Renáta Pauličková |
| 264 | 1 | |a Bratislava |b Eurounion |c 2005 | |
| 300 | |a 132 s. | ||
| 610 | 2 | 0 | |a marketing regionálny |
| 610 | 2 | 0 | |a mestá |
| 610 | 2 | 0 | |a marketing |
| 610 | 2 | 0 | |a štúdie prípadové |
| 610 | 2 | 0 | |a výskum |
| 610 | 2 | 0 | |a Slovensko |
| 610 | 2 | 0 | |a Česko |
| 100 | 1 | |a Pauličková, Renáta | |